|
|
|
|
| LEADER |
00000nab a2200000Ia 4500 |
| 001 |
vtls010815609 |
| 003 |
SK-MaSNL |
| 005 |
20260426052624.0 |
| 008 |
230218|1971 xo |||||||||||||||||slo| |
| 035 |
|
|
|a (urnnbn)urn:nbn:sk:snk:ar-a053np
|
| 035 |
|
|
|a urn:nbn:sk:snk-ab5k6f
|
| 035 |
|
|
|a (uuid)acd1db6a-8387-4525-9440-1b53b4c6077d
|
| 040 |
|
|
|a SNKBUCL
|b slo
|c SNKBUCL
|e AACR2
|
| 041 |
0 |
|
|a slo
|
| 044 |
|
|
|a xo
|c SK
|
| 080 |
|
|
|a 331.522.4
|2 2001
|
| 080 |
|
|
|a 331.108.24
|2 2011
|
| 080 |
|
|
|a (437.67)
|2 2011
|
| 100 |
1 |
|
|a Sládková, Eva
|4 aut
|9 275760
|
| 245 |
1 |
0 |
|a Analýza pohybu pracovnej sily v oblasti východného Slovenska
|c Eva Sládková
|
| 650 |
0 |
7 |
|a pracovná sila
|2 SNKPH
|9 2342
|
| 650 |
0 |
7 |
|a fluktuácia zamestnancov
|2 SNKPH
|9 162543
|
| 651 |
|
7 |
|a Slovensko východné
|2 SNKPH
|9 161134
|
| 773 |
0 |
|
|t Ekonomický časopis : časopis pre ekonomickú teóriu, hospodársku politiku, spoločensko-ekonomické prognózovanie
|g Roč. 19, č. 8 (1971), s. [762]-768
|
| 954 |
|
|
|a odborná, vedecká literatúra pôvodná (slovenská)
|2 lita
|
| 958 |
|
|
|a OND
|
| 958 |
|
|
|a EUIPO
|
| 958 |
|
|
|a article5
|
| 999 |
|
|
|c 2070931
|d 2072861
|